MARC details
| 000 -LEADER |
| campo de control de longitud fija |
02321nkc a22003017a 4500 |
| 001 - NÚMERO DE CONTROL |
| campo de control |
86385 |
| 005 - FECHA Y HORA DE LA ÚLTIMA TRANSACCIÓN |
| campo de control |
20260615145631.0 |
| 007 - CAMPO FIJO DE DESCRIPCIÓN FÍSICA--INFORMACIÓN GENERAL |
| campo de control de longitud fija |
kh bo |
| 008 - DATOS DE LONGITUD FIJA--INFORMACIÓN GENERAL |
| campo de control de longitud fija |
260611s1880 sp ||||| |||| |0| i|spa d |
| 040 ## - FUENTE DE CATALOGACIÓN |
| Centro catalogador/agencia de origen |
M-RABA |
| Lengua de catalogación |
spa |
| Centro/agencia transcriptor |
M-RABA |
| 100 2# - ENTRADA PRINCIPAL--NOMBRE DE PERSONA |
| Nombre de persona |
Adelphoi Zangaki (Firm) |
| 9 (RLIN) |
111972 |
| 245 11 - MENCIÓN DEL TÍTULO |
| Título |
[Arte egipcio |
| Resto del título |
: monumentos, esculturas y momias] |
| Mención de responsabilidad, etc. |
/ Adelphoi Zangaki (Firm) |
| Medio |
[Material gráfico] |
| 260 ## - PUBLICACIÓN, DISTRIBUCIÓN, ETC. |
| Lugar de publicación, distribución, etc. |
Egipto |
| Nombre del editor, distribuidor, etc. |
: Adelphoi Zangaki (Firm) |
| Fecha de publicación, distribución, etc. |
,[1880] |
| 300 ## - DESCRIPCIÓN FÍSICA |
| Extensión |
6 fotografías |
| Otras características físicas |
: albúmina |
| Dimensiones |
; 28 x 22 cm |
| 500 00 - NOTA GENERAL |
| Nota general |
Conjunto de diferentes fotografías de estatuas y monumentos egipcios. |
| 500 00 - NOTA GENERAL |
| Nota general |
Inscripciones impresas a pie de foto: "Nº 968 Louxor Statue de Ramses II" [Templo de Luxor. Estatua de Ramses III] (Fot-1999) -- "Nº 970 Louxor. Colonnade du petit temple" [Columnata del pequeño templo] (Fot-2000) -- "Nº 973 Colonade du grand temple de Louxor" [Columnata del gran templo] (Fot-2001) -- "Nº986 Karnak. Salle hypostyle [ilegible]" [Karnak. Sala Hipóstila] (Fot-2002) -- "[ilegible]" [Templo funenario de Ramsés III ] (Fot-2003) --"Nº 409 [ilegible]" [Momia] (Fot-2004) |
| 500 00 - NOTA GENERAL |
| Nota general |
Fecha tomada del auge de la técnica. |
| 651 #0 - PUNTO DE ACCESO ADICIONAL DE MATERIA--NOMBRE GEOGRÁFICO |
| Nombre geográfico |
Egipto.- |
| Subdivisión general |
Arqueología |
| 9 (RLIN) |
106826 |
| 655 #0 - TERMINO DE INDIZACIÓN--GENERO/FORMA |
| Datos o término principal de género/forma |
Fotografías de monumentos |
| 9 (RLIN) |
111580 |
| 852 ## - LOCALIZACIÓN |
| Número de control de estantería |
Fot-1999; Fot-2000; Fot-2001; Fot-2002; Fot-2003; Fot-2004 |
| 856 ## - LOCALIZACIÓN Y ACCESO ELECTRÓNICOS |
| Identificador Uniforme de Recurso |
<a href="https://archivoybiblioteca.realacademiabellasartessanfernando.com/cgi-bin/koha/opac-retrieve-file.pl?id=9fafb1c5f985f329b986802fc78d60d5">https://archivoybiblioteca.realacademiabellasartessanfernando.com/cgi-bin/koha/opac-retrieve-file.pl?id=9fafb1c5f985f329b986802fc78d60d5</a> |
| Texto de enlace |
Fot-1999 |
| 856 ## - LOCALIZACIÓN Y ACCESO ELECTRÓNICOS |
| Identificador Uniforme de Recurso |
<a href="https://archivoybiblioteca.realacademiabellasartessanfernando.com/cgi-bin/koha/opac-retrieve-file.pl?id=6690d58ed2bff8cf09e0d0be838f3081">https://archivoybiblioteca.realacademiabellasartessanfernando.com/cgi-bin/koha/opac-retrieve-file.pl?id=6690d58ed2bff8cf09e0d0be838f3081</a> |
| Texto de enlace |
Fot-2000 |
| 856 ## - LOCALIZACIÓN Y ACCESO ELECTRÓNICOS |
| Identificador Uniforme de Recurso |
<a href="https://archivoybiblioteca.realacademiabellasartessanfernando.com/cgi-bin/koha/opac-retrieve-file.pl?id=2f9906eacf1c4b04b1d20d41b335aa03">https://archivoybiblioteca.realacademiabellasartessanfernando.com/cgi-bin/koha/opac-retrieve-file.pl?id=2f9906eacf1c4b04b1d20d41b335aa03</a> |
| Texto de enlace |
Fot-2001 |
| 856 ## - LOCALIZACIÓN Y ACCESO ELECTRÓNICOS |
| Identificador Uniforme de Recurso |
<a href="https://archivoybiblioteca.realacademiabellasartessanfernando.com/cgi-bin/koha/opac-retrieve-file.pl?id=97cda15843b98aece3f9ae8242fddbd0">https://archivoybiblioteca.realacademiabellasartessanfernando.com/cgi-bin/koha/opac-retrieve-file.pl?id=97cda15843b98aece3f9ae8242fddbd0</a> |
| Texto de enlace |
Fot-2002 |
| 856 ## - LOCALIZACIÓN Y ACCESO ELECTRÓNICOS |
| Identificador Uniforme de Recurso |
<a href="https://archivoybiblioteca.realacademiabellasartessanfernando.com/cgi-bin/koha/opac-retrieve-file.pl?id=024e4e72b393159281e3e003d1960a66">https://archivoybiblioteca.realacademiabellasartessanfernando.com/cgi-bin/koha/opac-retrieve-file.pl?id=024e4e72b393159281e3e003d1960a66</a> |
| Texto de enlace |
Fot-2003 |
| 856 ## - LOCALIZACIÓN Y ACCESO ELECTRÓNICOS |
| Identificador Uniforme de Recurso |
<a href="https://archivoybiblioteca.realacademiabellasartessanfernando.com/cgi-bin/koha/opac-retrieve-file.pl?id=98f3e8ed41daba0720406b6a8f696b63">https://archivoybiblioteca.realacademiabellasartessanfernando.com/cgi-bin/koha/opac-retrieve-file.pl?id=98f3e8ed41daba0720406b6a8f696b63</a> |
| Texto de enlace |
Fot-2004 |
| 942 ## - ELEMENTOS DE ENTRADA SECUNDARIOS (KOHA) |
| Tipo de ítem Koha |
Fotografías |
| Suprimir en OPAC |
No |